000 00557nam a22001817a 4500
005 20251108165802.0
008 250721s1994 xx 000 0 ara d
082 1 4 _aم/415.1/خلف
100 1 _aخلف، عادل
245 1 0 _aمصادر السيوطي في الأشباه والنظائر النحوية /
264 1 _aالقاهرة :
_bمكتبة الآداب،
_c1994.
300 _a134ص
650 1 7 _aاللغة العربية
650 1 7 _aالنحو والصرف
650 1 7 _aببيلوغرافيا
942 _2ddc
_cREF
999 _c31237
_d31237